000 00483cam a2200145 4500500
005 20251214043157.0
041 _afre
042 _adc
100 1 0 _aPassicos, Jean
_eauthor
245 0 0 _aLa faculté de droit canonique dans la période de Vatican II
260 _c2012.
500 _a33
786 0 _nL'Année canonique | LIV | 1 | 2012-01-01 | p. 21-29 | 0570-1953
856 4 1 _uhttps://droit.cairn.info/revue-l-annee-canonique-2012-1-page-21?lang=fr&redirect-ssocas=7080
999 _c1577510
_d1577510